The development of commercial law through case law (Record no. 81142)

MARC details
000 -LEADER
fixed length control field 01981cab a22003735a 4500
001 - CONTROL NUMBER
control field L146409
008 - FIXED-LENGTH DATA ELEMENTS--GENERAL INFORMATION
fixed length control field 090116s2008 xxk f 000 0 eng d
035 ## - SYSTEM CONTROL NUMBER
System control number (Sirsi) u146409
041 0# - LANGUAGE CODE
Language code of text/sound track or separate title eng
100 1# - MAIN ENTRY--PERSONAL NAME
Personal name Esposito, Paolo
245 04 - TITLE STATEMENT
Title The development of commercial law through case law
Remainder of title is section 69 of the English Arbitration Act 1996 stifling progress?
260 ## - PUBLICATION, DISTRIBUTION, ETC.
Date of publication, distribution, etc. 2008
490 #0 - SERIES STATEMENT
Series statement Arbitration
Volume/sequential designation 74(4) November 2008, 429-438(10)
520 ## - SUMMARY, ETC.
Summary, etc. Considers whether or not the arbitration process for commercial disputes, as set out in the English Arbitration Act 1996, is an impediment to the development of commercial law. Asks to what extent the English courts should continue to play a creative role in developing commercial law. Includes examples of cases drawn from a number of jurisdictions.
590 ## - LOCAL NOTE (RLIN)
Local note KA
650 24 - SUBJECT ADDED ENTRY--TOPICAL TERM
Topical term or geographic name entry element ARBITRATION ACT 1996 S69
650 24 - SUBJECT ADDED ENTRY--TOPICAL TERM
Topical term or geographic name entry element MARDOF PEACH AND CO LTD V ATTICA SEA CARRIERS CORP OF LIBERIA, THE LACONIA
650 24 - SUBJECT ADDED ENTRY--TOPICAL TERM
Topical term or geographic name entry element CANDLER V CRANE CHRISTMAS AND CO
650 24 - SUBJECT ADDED ENTRY--TOPICAL TERM
Topical term or geographic name entry element HAMILTON V MENDES
650 24 - SUBJECT ADDED ENTRY--TOPICAL TERM
Topical term or geographic name entry element UNCITRAL ARBITRATION RULES ART 33(3)
650 24 - SUBJECT ADDED ENTRY--TOPICAL TERM
Topical term or geographic name entry element B.T.P.TIOXIDE LTD V PIONEER SHIPPING LTD AND ARMADA MARINE SA, THE NEMA
650 24 - SUBJECT ADDED ENTRY--TOPICAL TERM
Topical term or geographic name entry element ANTAIOS COMPANIA NAVIERA SA V SALEN REDERIERNA A.B.
650 24 - SUBJECT ADDED ENTRY--TOPICAL TERM
Topical term or geographic name entry element RELIANCE INDUSTRIES LTD V ENRON OIL AND GAS INDIA LTD
650 24 - SUBJECT ADDED ENTRY--TOPICAL TERM
Topical term or geographic name entry element TRANSFIELD SHIPPING INC V MERCATOR SHIPPING INC (THE ACHILLEAS)
650 24 - SUBJECT ADDED ENTRY--TOPICAL TERM
Topical term or geographic name entry element LOBB V AINTREE
650 24 - SUBJECT ADDED ENTRY--TOPICAL TERM
Topical term or geographic name entry element DEMCO INVESTMENTS AND COMMERCIAL SA V SE BANKEN FORSAKRING HOLDING AKTIEBOLAG
650 24 - SUBJECT ADDED ENTRY--TOPICAL TERM
Topical term or geographic name entry element LESOTHO HIGHLANDS DEVELOPMENT AUTHORITY V IMPREGLIO SPA
650 24 - SUBJECT ADDED ENTRY--TOPICAL TERM
Topical term or geographic name entry element ARAB AFRICAN ENERGY CORP LTD V OLIEPRODUKTEN NEDERLAND NV
650 24 - SUBJECT ADDED ENTRY--TOPICAL TERM
Topical term or geographic name entry element SUMAKAN LTD V COMMONWEALTH SECRETARIAT
650 24 - SUBJECT ADDED ENTRY--TOPICAL TERM
Topical term or geographic name entry element UNIDROIT (INTERNATIONAL INSTITUTE FOR THE UNIFICATION OF PRIVATE LAW)
651 #4 - SUBJECT ADDED ENTRY--GEOGRAPHIC NAME
Geographic name England and Wales
Chronological subdivision 1543-
690 ## - LOCAL SUBJECT ADDED ENTRY--TOPICAL TERM (OCLC, RLIN)
Topical term or geographic name as entry element MANAGEMENT-DISPUTE AVOIDANCE, MANAGEMENT AND RESOLUTION-DISPUTE MANAGEMENT AND RESOLUTION-ARBITRATION
942 ## - ADDED ENTRY ELEMENTS (KOHA)
Suppress in OPAC 0
Holdings
Withdrawn status Lost status Source of classification or shelving scheme Damaged status Not for loan Home library Current library Shelving location Date acquired Total Checkouts Full call number Barcode Date last seen Copy number Price effective from Koha item type
    Dewey Decimal Classification     London London Journal article 16/01/2009   L146409 146409-1001 06/08/2019 1 06/08/2019 Journal article